000 00721nam a2200265Ia 4500
005 20260121172042.0
008 008 260114s9999 xx 000 0 eng d
020 _a9783030524333
037 _aEBOOK
040 _aCRL
040 _beng
040 _cCRL
041 _2eng
041 _aeng
084 _qCRL
100 _aJacqueline Heeren-Bogers, René Moelker, Esmeralda Kleinreesink, Jan Van der Meulen, Joseph Soeters, Robert Beeres
_91083696
245 4 _aThe Yin-Yang Military
260 _bSpringer
260 _bSpringer
260 _c2021
856 _uhttps://link.springer.com/openurl?genre=book&isbn=978-3-030-52433-3
942 _cEBOOK
999 _c1649430
_d1649430